Statistics for Seven Letter States

Click here to take the quiz!

General Stats

  • This quiz has been taken 53 times
  • The average score is 8 of 9

Answer Stats

State% Correct
Florida
100%
Georgia
95%
Alabama
93%
Indiana
93%
Arizona
85%
Vermont
85%
Wyoming
85%
Montana
78%
New York
76%

Score Distribution

Percentile by Number Answered

Percent of People with Each Score

Your Score History

You have not taken this quiz